| 000 | 00531nam a2200193Ia 4500 | ||
|---|---|---|---|
| 001 | 13538 | ||
| 003 | GE_BSU | ||
| 008 | 181216s||||||||xx |||||||||||||| ||und|| | ||
| 020 | _a1405463317 | ||
| 040 | _cGE_BSU | ||
| 080 | _a796 | ||
| 245 | _aSuperstars of the world cup.The ultimate guide to the stars of the 2006 world cup. | ||
| 260 | _aLondon | ||
| 260 | _bParragon | ||
| 260 | _c2006 | ||
| 300 | _a223p.ill.28cm. | ||
| 653 | _aSuperstars of the world cup.The ultimate guide to the stars of the 2006 world cup | ||
| 942 | _cBK | ||
| 999 |
_c46697 _d46697 |
||